00372pab a2200133 454500008004000000100001700040245008300057260000900140300001400149362001100163650002600174700001800200773002000218180718b2015 xxu||||| |||| 00| 0 eng d aHarish Kumar aDo the academic staff college justify their existence (a curative stand point) c2015 ap.3-8,12. a23 Feb aEducational personnel aChauhan, R.K. aUniversity News